Największe państwa europy - Statystyki

Ogólne statystyki
  • Ten quiz został rozwiązany 29 razy
  • Średni wynik to 14 z 15
Statystyki odpowiedzi
Lp Odpowiedź Km² % Poprawnych
2(48) Francja 551 500
100%
3(51) Hiszpania 505 370
100%
6(67) Norwegia 323 802
100%
5(62) Niemcy 357 022
96%
7(69) Polska 312 696
96%
4(55) Szwecja 450 295
96%
1(44) Ukraina 603 550
96%
9(78) Wielka brytania 243 610
96%
8(71) Włochy 301 340
96%
11(95) Grecja 131 957
92%
10(84) Białoruś 207 600
83%
12(103) Bułgaria 110 879
83%
15(109) Portugalia 92 090
83%
14(108) Węgry 93 028
75%
13(106) Islandia 103 000
58%
Nie znaleziono quizów pasujących do podanych kryteriów
Rozkład punktacji
Procent ludzi z każdym wynikiem
Percentyl według liczby udzielonych odpowiedzi
Twoja historia wyników
Nie rozwiązałeś tego quizu